000 00431 a2200181 4500
005 20260505105201.0
008 260504b |||||||| |||| 00| 0 eng d
020 _a9789390449378
_cRs. 400.00
040 _aMAIN
082 _a294.5
_bR186H
100 _aRatan Sanatan
245 _aHindutva raksharth
260 _c2022
_aSanityagar
_bJaipur
300 _axiv, 234
650 _aReligion
650 _aHinduism
942 _cBK
999 _c394350
_d394350